Nhiếp ảnh các dân tộc thiểu số

Giới thiệu bộ sưu tập hình ảnh về cuộc sống của các dân tộc thiểu số Việt Nam

Na minha lista:
Detalhes bibliográficos
Formato: Livro
Idioma:Undetermined
Publicado em: Hà Nội Hội nhà văn 2018
Assuntos:
Tags: Adicionar Tag
Sem tags, seja o primeiro a adicionar uma tag!
Thư viện lưu trữ: Trung tâm Học liệu Trường Đại học Cần Thơ
LEADER 00642nam a2200181Ia 4500
001 CTU_235889
008 210402s9999 xx 000 0 und d
082 |a 779.09597 
082 |b Nh307 
245 0 |a Nhiếp ảnh các dân tộc thiểu số 
245 0 |c Nhiều tác giả 
260 |a Hà Nội 
260 |b Hội nhà văn 
260 |c 2018 
520 |a Giới thiệu bộ sưu tập hình ảnh về cuộc sống của các dân tộc thiểu số Việt Nam 
650 |a Nhiếp ảnh,Photography 
910 |b nthai 
980 |a Trung tâm Học liệu Trường Đại học Cần Thơ